000 01363cam a22002294a 4500
005 20250605164213.0
008 250528s ||||||||||||||||||||||||d
035 _a20335
020 _a1898683328
040 _aGR-AtMCL
_bgre
_dGR-AtMCL
_eAACR2
245 1 _aManagement of the Motor Disorders of Children with Cerebral Palsy / Second Edition
250 _a2nd
260 _bCambridge University Press,
_c2004
300 _a208
520 _aForeword, Introduction, The Spectrum of Disorders Known as Cerebral Palsy, Families and Service Providers: Forging Effective Connections and Why it Matters, Goal Setting and the Measurement of Change, A Physiotherapy Perspective on Assessment and Outcome Measurement of Children with Cerebral Palsy, Neural Plasticity and Learning: The Potential for Change, The Assessment and Management of Hypertonus in Celebral Palsy: A Physiological Atlas, Mechanisms of Deformity, The Management of Deformity, Physiotherapy Management in Cerebral Palsy: An Update on Treatment Approaches, Physiotherapy Management in Celebral Palsy: Moving Beyond Philosophies, Cerebral Palsy in Adult Life, Therapeutic Possibilities: Research Overview and Commentary, Index.
700 1 _aDamiano Diane
_96343
700 1 _aMayston Margaret
_96344
700 1 _aScrutton David
_96345
942 _cBK
999 _c5457
_d5457